| 000 | 03314nam0a2200349 4500 | ||
|---|---|---|---|
| 001 | RU\NLR\BIBL_A\022009088 | ||
| 005 | 20230919113051.0 | ||
| 010 |
_a978-5-7883-1929-2 _927 |
||
| 021 |
_aRU _bКН-П-23-045437 _9КН-П-23-4543 |
||
| 035 | _a(NLR Aleph) 022009088 | ||
| 035 | _a(RuMoRGB)011943740 | ||
| 090 |
_a12478323 _c12478323 |
||
| 100 | _a20230822d2023 u y0rusy50 ca | ||
| 101 | 0 | _arus | |
| 102 | _aRU | ||
| 105 | _aa|||j|||000zy | ||
| 200 | 1 |
_aРаспознавание образов и машинное обучение. Основные подходы _eучебное пособие для обучающихся поосновной образовательной программе высшего образования по специальности 10.05.03 Информационная безопасность автоматизированных систем _fВ. В. Мясников _gМинистерство науки и высшего образования Российской Федерации, Федеральное государственное бюджетное образовательное учреждение высшего образования "Самарский национальный исследовательский университет имени С. П. Королева" (Самарский университет) |
|
| 210 |
_aСамара _cИзд-во Самарского университета _d2023 |
||
| 215 |
_a195 с. _cил., табл. _d20 |
||
| 320 | _aБиблиогр.: с. 186-195 (88 назв.) | ||
| 330 | _aПособие представляет собой краткое изложение материалов по ключевым разделам современной теории искусственного интеллекта: машинному обучению и распознаванию образов (классификации). Пособие включает, в частности, классификацию задач машинного обучения, описание основных методов ранжирования/упорядочивания объектов и методов распознавания образов (классификации): геометрических, статистических и алгебраических, а также кратких основ теории последовательного анализа и классификации, теории обучения с подкреплением и искусственных нейронных сетей | ||
| 606 | 1 |
_aМашинное обучение _jУчебные издания для высших учебных заведений _92605494 _3RU\NLR\AUTH\661542052 |
|
| 606 | 1 |
_aРаспознавание образов _jУчебные издания для высших учебных заведений _92092627 _3RU\NLR\AUTH\661266469 |
|
| 675 |
_a004.932(075.8) _v4 |
||
| 686 |
_a16.633.1я73 _2rubbks |
||
| 686 | 1 | _aЗ973.2-018я73-1 | |
| 686 | 1 | _aЗ973.235-01я73-1 | |
| 700 | 1 |
_aМясников _bВ. В. _gВладислав Валерьевич |
|
| 942 | _cBOOK | ||
| 980 | _aNB | ||